[Event "Maastricht Limburg op-B 7th"]
[Site "Maastricht"]
[Date "2013.05.20"]
[Round "6"]
[White "Tangelder, Yonne"]
[Black "Heijenrath, Jan"]
[Result "0-1"]
[WhiteElo "1837"]
[BlackElo "1748"]
[PlyCount "92"]
[EventDate "2013.05.17"]
[EventType "swiss"]
[EventRounds "7"]
[EventCountry "NED"]
[SourceTitle "EXT 2014"]
[Source "ChessBase"]
[SourceDate "2013.11.20"]
[SourceVersion "1"]
[SourceVersionDate "2013.11.20"]
[SourceQuality "1"]

1. e4 c5 2. Nc3 Nc6 3. f4 g6 4. Nf3 Bg7 5. Bb5 Nd4 6. 0-0 Nxb5 7. Nxb5 Qb6 8. Nc3 e6 9. Kh1 Ne7 10. Qe1 d6 11. d3 Bd7 12. Qh4 Bc6 13. a4 Qd8 14. f5 Bxc3 15. bxc3 Nxf5 16. Qxd8+ Rxd8 17. exf5 gxf5 18. Bg5 Rc8 19. a5 Rg8 20. Bh4 Rg4 21. g3 h6 22. Kg1 Kd7 23. Kf2 Rcg8 24. Rfd1 f4 25. Rg1 Ke8 26. h3 fxg3+ 27. Rxg3 Rxg3 28. Bxg3 Kd7 29. c4 Rg6 30. Bh4 f5 31. Rg1 Rxg1 32. Nxg1 Ba4 33. c3 e5 34. Ke3 Bc6 35. Bf6 Ke6 36. Bg7 h5 37. d4 f4+ 38. Ke2 Kf7 39. Bh8 Kg8 40. dxe5 Kxh8 41. exd6 Kg7 42. Nf3 Kf6 43. Nd4 cxd4 44. cxd4 a6 45. h4 Kf5 46. Kd3 f3 0-1

[Event "Maastricht Limburg op-B 7th"]
[Site "Maastricht"]
[Date "2013.05.19"]
[Round "4"]
[White "Vaneylen, Urbain"]
[Black "Heijenrath, Jan"]
[Result "0-1"]
[WhiteElo "1696"]
[BlackElo "1748"]
[PlyCount "102"]
[EventDate "2013.05.17"]
[EventType "swiss"]
[EventRounds "7"]
[EventCountry "NED"]
[SourceTitle "EXT 2014"]
[Source "ChessBase"]
[SourceDate "2013.11.20"]
[SourceVersion "1"]
[SourceVersionDate "2013.11.20"]
[SourceQuality "1"]

1. f4 d5 2. Nf3 c5 3. e3 g6 4. Bb5+ Bd7 5. Bxd7+ Qxd7 6. 0-0 Nc6 7. d3 Bg7 8. Nbd2 e6 9. Kh1 Nge7 10. a3 0-0 11. Qe1 Rad8 12. e4 dxe4 13. Nxe4 b6 14. Qh4 f6 15. Re1 Nf5 16. Qf2 Nfd4 17. Rb1 Nxf3 18. Qxf3 Nd4 19. Qf2 Qd5 20. b3 f5 21. Ng3 Rfe8 22. Bb2 Kf7 23. Nf1 b5 24. Ba1 a6 25. Ne3 Qd6 26. Red1 e5 27. fxe5 Bxe5 28. Nf1 Bf6 29. Ng3 h5 30. c3 h4 31. Ne4 fxe4 32. cxd4 e3 33. Qf3 cxd4 34. b4 Qd5 35. Qxd5+ Rxd5 36. Rbc1 Rf5 37. Re1 Rf2 38. Kg1 h3 39. gxh3 Rh8 40. Rf1 Rxh3 41. Rxf2 exf2+ 42. Kxf2 Rxd3 43. Rc7+ Ke6 44. Rc6+ Kf5 45. Rxa6 Rd1 46. a4 Rxa1 47. axb5 Rb1 48. Ra4 Rb2+ 49. Kf3 Rb3+ 50. Ke2 d3+ 51. Kd1 Bg5 0-1

[Event "Maastricht Limburg op-B 6th"]
[Site "Maastricht"]
[Date "2012.05.27"]
[Round "4"]
[White "Geene, Joris"]
[Black "Heijenrath, Jan"]
[Result "1/2-1/2"]
[WhiteElo "1612"]
[BlackElo "1759"]
[PlyCount "58"]
[EventDate "2012.05.25"]
[EventType "swiss"]
[EventRounds "7"]
[EventCountry "NED"]
[SourceTitle "EXT 2013"]
[Source "ChessBase"]
[SourceDate "2012.11.22"]
[SourceVersion "1"]
[SourceVersionDate "2012.11.22"]
[SourceQuality "1"]

1. e4 d5 2. Nc3 d4 3. Nce2 e5 4. d3 c5 5. f4 Nc6 6. Nf3 Bd6 7. f5 Nf6 8. Ng3 Qa5+ 9. Bd2 Qb6 10. Rb1 Qc7 11. h4 h5 12. Be2 g6 13. fxg6 fxg6 14. 0-0 Ng4 15. Ng5 Rf8 16. Rxf8+ Bxf8 17. Qf1 Qg7 18. Qf3 Be7 19. Rf1 Bxg5 20. Bxg5 Be6 21. Nh1 Kd7 22. Nf2 Rf8 23. Qg3 Nxf2 24. Rxf2 Rxf2 25. Qxf2 Qf7 26. Qxf7+ Bxf7 27. a3 Be6 28. Kf2 Kd6 29. Ke1 b5 1/2-1/2

[Event "Maastricht Limburg op-B 4th"]
[Site "Maastricht"]
[Date "2010.05.24"]
[Round "7"]
[White "Heijenrath, Jan"]
[Black "Mohamedjoesoef, Rafiek"]
[Result "1/2-1/2"]
[WhiteElo "1749"]
[BlackElo "1795"]
[PlyCount "48"]
[EventDate "2010.05.21"]
[EventType "swiss"]
[EventRounds "7"]
[EventCountry "NED"]
[SourceTitle "EXT 2011"]
[Source "ChessBase"]
[SourceDate "2010.11.26"]
[SourceVersion "1"]
[SourceVersionDate "2010.11.26"]
[SourceQuality "1"]

1. d4 Nf6 2. c4 e6 3. Nf3 d5 4. Nc3 Be7 5. Bg5 h6 6. Bxf6 Bxf6 7. e3 0-0 8. Rc1 b6 9. cxd5 exd5 10. Bd3 c5 11. dxc5 bxc5 12. 0-0 Be6 13. Bb1 g6 14. Qe2 Nd7 15. Rfd1 Nb6 16. a4 a6 17. Ba2 Bxc3 18. bxc3 Qf6 19. a5 Nc4 20. Bxc4 dxc4 21. Rd6 Rfd8 22. Qd2 Rxd6 23. Qxd6 Rd8 24. Qe5 Qe7 1/2-1/2

[Event "Maastricht Limburg op-B 4th"]
[Site "Maastricht"]
[Date "2010.05.23"]
[Round "5"]
[White "Heijenrath, Jan"]
[Black "Van Steenkiste, Luc"]
[Result "0-1"]
[WhiteElo "1749"]
[BlackElo "1854"]
[PlyCount "56"]
[EventDate "2010.05.21"]
[EventType "swiss"]
[EventRounds "7"]
[EventCountry "NED"]
[SourceTitle "EXT 2011"]
[Source "ChessBase"]
[SourceDate "2010.11.26"]
[SourceVersion "1"]
[SourceVersionDate "2010.11.26"]
[SourceQuality "1"]

1. d4 f5 2. c4 d6 3. Nf3 Nf6 4. Nc3 g6 5. g3 Bg7 6. Bg2 0-0 7. 0-0 Nc6 8. Re1 e5 9. d5 Ne7 10. e4 f4 11. Qd3 Nh5 12. b4 Rf6 13. c5 a6 14. Bd2 Qf8 15. Rf1 Bd7 16. a4 Bh6 17. Rac1 g5 18. b5 g4 19. cxd6 cxd6 20. Ne1 f3 21. Bh1 Rc8 22. Nc2 Bxd2 23. Qxd2 Rh6 24. Qg5+ Kh8 25. Nb4 Ng6 26. bxa6 bxa6 27. Nc6 Nhf4 28. gxf4 Nxf4 0-1